000 00976nac a22003970a 4500
001 PT54332
003 AR-LpoUNG
005 20210201005528.0
008 201001s1995||||sp |||||||||||||||||spa d
020 _a8441301190
_c$28
040 _aAR-LpoUNG
_bspa
_eaacr
041 _aspa
044 _asp
082 0 _aR909 794biz-v2
100 1 _aSherrard, Philip
245 1 0 _aBizancio :
_bcrónica de un imperio
260 _aBarcelona :
_bFolio,
_c1995.
300 _a[90] p. :
_bil., mapas, gráfs., fot.
_3Impreso
490 0 _aAtlas culturales del mundo
650 4 _aANALISIS HISTORICO
650 4 _aARTE
650 4 _aATLAS
650 4 _aCIUDADES
650 4 _aCIVILIZACION
650 4 _aCULTURA
650 4 _aEDAD MEDIA
650 4 _aEUROPA
650 4 _aFACTORES CULTURALES
650 4 _aHISTORIA
650 4 _aIGLESIA
650 4 _aMATERIAL DE REFERENCIA
650 4 _aRELIGION
651 4 _aMundial
905 _a54332
942 _cLSALA
999 _c50075
_d50075